000 01458nam a22002657a 4500
005 20090810121120.0
008 090807t xxu||||| |||| 00| 0 hin d
010 _aHIN-87674
020 _a9788177111729
_c400.00
035 _aHN-60020
037 _bDBAD / PUB
040 _adpl
_bhn
082 _a333.07
100 _aयादव, मनोज कुमार
245 _aपर्यावरण शिक्षाः
_cमनोज कुमार यादव एवं अनुपमा यादव
_bबी.एढ. विद्यार्थियों के लिए अनिवार्य प्रश्न पत्र /
246 _aParyavaran shikshaa
_bby Manoj kumar Yadav
260 _aजयपुर
_bसाहित्यागार
_c2009
270 _a धामाणी मार्केट की गली, चौड़ा रास्ता
_bजयपुर
_e302003
300 _a199पृ.
_c22सेमी (सजिल्द)
650 _aपर्यावरण शिक्षा
_xअध्ययन एवं अध्यापन
650 _aEnvironmental education
_xStudy and teaching
700 _aयादव, अनुपमा
942 _2ddc
_cHN
_mयादव
_h333.07
999 _c29061
_d29061